Normal view
MARC view
Entry Personal Name
001 - CONTROL NUMBER
- control field: 17627
003 - CONTROL NUMBER IDENTIFIER
- control field: BD-RjUL
005 - DATE AND TIME OF LATEST TRANSACTION
- control field: 20260125100132.0
008 - FIXED-LENGTH DATA ELEMENTS
- fixed length control field: 260125|| aca||aabn | a|a d
040 ## - CATALOGING SOURCE
- Original cataloging agency: BD-RjUL
- Transcribing agency: BD-RjUL
100 ## - HEADING--PERSONAL NAME
- Personal name: Trautmann, Carl O
670 ## - SOURCE DATA FOUND
- Source citation: Work cat.: (BD-RjUL)86133: A Complete Dictionary of Small Business Terms ,, 1995